000 00318nam a22001337a 4500
008 171106b xxu||||| |||| 00| 0 eng d
020 _a9781259753558
041 _aeng
080 _222 ED
_a330.722.6
100 _a61
101 _aKON
245 _aFUNDAMENTALS ACCOUTING PRINCIPLES
_cWILD.J.J
942 _2udc
_cBK
999 _c37787
_d37787